000
00314 a2200157 4500
001
59028
020
_a
8573022612
040
_c
Anchieta - Pituba
100
_a
Dorfman, Ariel
240
1
0
_a
Terapia
_l
por
245
1
0
_a
Terapia
300
_a
171
362
0
_a
1999
650
4
_a
Ficção brasileira
942
_c
BK
999
_c
59028
_d
59028